000 00737nam a2200181 i 4500
001 163419
003 ES-MaACL
005 20250717070800.0
008 931025s1886 sp |||| | spa d
100 1 _aReymundo Arroyo, Mariano.
_9131757
245 1 0 _aDiscurso leido en la solemne inauguración del curso académico de 1886 á 1887 en la Universidad de Salamanca /
_cpor Mariano Reymundo Arroyo.
260 _aSalamanca :
_b[s.n.],
_c1886 (
_fImp. de Francisco Nuñez Izquierdo)
300 _a57 p. ;
_c29 cm.
650 4 _aGeneradores eléctricos.
_9136169
650 7 _aElectricidad
_2embne
_912159
852 _aES-MaACL
_jT-447-F-4
_z-- Enc. hol., falto de la cub. original
_z-- Enc. en un vol. facticio
999 _c163419
_d163419